000 00907nam a2200253Ia 4500
003 OSt
005 20220923224025.0
006 a|||||r|||| 00| 0
007 ta
008 220922b |||||||| |||| 00| 0 ben d
024 _a224,177
037 _cTextual
040 _aARTS
_cARTS
_bben
041 _2ben
_aben
082 _aO157,3N26, 152P4
100 _aमहाश्वेता देवी; गुप्ता, सुशील, अनु.
245 0 _aमर्डरर की मॉं
246 _aMarḍarar kī maॉan
260 _aनई दिल्ली
_b वाणी प्रकाशन
_c2004
300 _a161पृ0
_ccm.
650 _aबंगाली साहित्य
_9156264
942 _hO157,3N26, 152P4
_cTEXL
_2CC
999 _c368731
_d368731